00815nam a22002177a 4500999001500000003000900015008004100024040007100065082001700136100001900153245003600172260004400208300003800252505012900290650003400419650003500453650003600488700004800524942001600572945000900588 c6002d6002AR-CdUCM190313b ||||| |||| 00| 0 spa d aMUNICIPALIDAD PROVINCIAL DEL CUSCOcBIBLIOTECA MUNICIPAL DEL CUSCO a155.4 /bK61 aKlein, Melanie aEl psicoanálisis de niños / aBuenos Aires :bEdiciones Horme,c1964. a311 páginas ;bretrato,c24 cm. aContenido: Técnica del análisis del niño -- Situaciones tempranas de ansiedad y su efecto en el desarrollo del niño. aPsicología del niño95112 aAspectos psicológicos913483 aPsicoanálisis infantil917573 aAberastury, Arminda (traduccíón)917574 2ddccLIBROS aachl